Astaire and Rogers Quiz Stats

 Plays Quiz Updated Mar 27, 2020

     
Support Sporcle.
Go Orange.
Score 0/10 Timer 04:00
0 Plays Today
Year Movie % Correct
1935Top Hat
89.6%
1936Swing Time
62%
1933Flying Down to Rio
56.3%
1934The Gay Divorcee
55%
1937Shall We Dance
45.1%
1949The Barkleys of Broadway
42.2%
1936Follow the Fleet
40%
1935Roberta
36.5%
1938Carefree
34.2%
1939The Story of Vernon and Irene Castle
33.1%

From the Vault

Famous Fuzzy Faces

by gwukelic

Don't adjust your monitor, you'll just make this worse.
Remove Ads.
Support Sporcle.
Get the best of Sporcle when you Go Orange. This ad-free experience offers more features, more stats, and more fun while also helping to support Sporcle. Thank you for becoming a member.

Show Comments

Extras

Top Quizzes Today


Score Distribution

Your Account Isn't Verified!

In order to create a playlist on Sporcle, you need to verify the email address you used during registration. Go to your Sporcle Settings to finish the process.

Report this User

Report this user for behavior that violates our Community Guidelines.

Details: